000
00511nam a2200157Ia 4500
008
151213s9999 xx 000 0 und d
100
_a
জহির রায়হান
245
_a
রচনাবলী
_c
জহির রায়হান
250
_a
১ম সং
260
_a
ঊঢাকা
_b
পমেছবাহ উদ্দীন আহমদ
_c
1980
300
_a
8326 p.
650
_a
Bangla
650
_a
রচনাবলী
700
_a
জহির রায়হান
999
_c
4168
_d
4168